| 000 | 00416cam a2200181ua 4500 | ||
|---|---|---|---|
| 020 | _cRs. 10.50 | ||
| 041 |
_aeng _h |
||
| 082 |
_a320.5 _bMAH/RE |
||
| 100 | _aMahajan, V D . | ||
| 245 | _aRecent political thoughts | ||
| 250 |
_a4 / _b. |
||
| 260 |
_aNew Delhi : _bS.Chand and Co , _c1965. |
||
| 300 |
_a609 : _b` ; . |
||
| 365 | _aRs. 10.50 | ||
| 504 | _a | ||
| 942 | _cBK | ||
| 999 |
_c1736 _d1736 |
||